header

Big Bad- Detective Agency (Record no. 260724)

MARC details
000 -LEADER
fixed length control field 00242nam a22001097a 4500
020 ## - INTERNATIONAL STANDARD BOOK NUMBER
ISBN 9780545665384
100 ## - MAIN ENTRY--AUTHOR NAME
Personal name Bruce Hale
245 ## - TITLE STATEMENT
Title Big Bad- Detective Agency
260 ## - PUBLICATION, DISTRIBUTION, ETC. (IMPRINT)
Place of publication New York
Name of publisher Scholastic
Year of publication 2015
300 ## - PHYSICAL DESCRIPTION
Number of Pages 120 pgs
942 ## - ADDED ENTRY ELEMENTS (KOHA)
Koha item type Long Loan Books
Holdings
Withdrawn status Lost status Collection code Home library Current library Shelving location Date acquired Accession Number Koha item type
    Fiction Rongo University Library Rongo University Library Children's Area 27/09/2023 CL2021800 Long Loan Books

© 2026 Rongo University
Contact us: librarian | system librarian | Rongo university